Normal view
MARC view
Entry Personal Name
001 - CONTROL NUMBER
- control field: 12885
003 - CONTROL NUMBER IDENTIFIER
- control field: OSt
005 - DATE AND TIME OF LATEST TRANSACTION
- control field: 20211105133604.0
008 - FIXED-LENGTH DATA ELEMENTS
- fixed length control field: 211105|| aca||aabn | a|a d
040 ## - CATALOGING SOURCE
- Original cataloging agency: OSt
- Transcribing agency: OSt
100 ## - HEADING--PERSONAL NAME
- Personal name: Chapman, R. D., ed
670 ## - SOURCE DATA FOUND
- Source citation: Work cat.: (OSt): Symposium on the Universe at Ultraviolet Wavelengths the First Two Years of International Ultraviolet Explorer Maryland 1980 May 7-9 12884, The universe at ultraviolet wavelengths the first two years of International ultraviolet explorer, 1981